Conditions in the Coal Mines of Colorado. in the Matter of the Hearing to make an Investigation of the Conditions in the Coal Fields of Colorado. Brief for the Striking Miners. by Horace N. Hawkins, Attorney for the United Mine Workers; E. P. Costigan and James H. Brewster, Special Counsel.

Bibliographic Details
Corporate Authors: United States. Congress. House. Committee on Mines and Mining, ProQuest (Firm)
Format: Government Document eBook
Language:English
Published: [Place of publication not identified] : [publisher not identified], 1913-1914.
Series:U.S. Congressional Research.
Subjects:
Online Access:Connect to the full text of this electronic book

MARC

Tag First Indicator Second Indicator Subfields
LEADER 00000cam a22000001a 4500
001 in00003323708
006 m d f
007 cr bn mmmapmmp
008 100410m19131914dcu o f000 0 eng d
005 20260430223004.4
035 |a cis2007822792 
040 |a LexisNexis  |c LexisNexis  |d UtOrBLW 
043 |a n-us--- 
086 0 |a Y 4.M 66/1:C 71/3 
099 |a CMP-1914-MMH-0001 
110 1 |a United States.  |b Congress.  |b House.  |b Committee on Mines and Mining. 
245 1 0 |a Conditions in the Coal Mines of Colorado. in the Matter of the Hearing to make an Investigation of the Conditions in the Coal Fields of Colorado. Brief for the Striking Miners. by Horace N. Hawkins, Attorney for the United Mine Workers; E. P. Costigan and James H. Brewster, Special Counsel. 
264 1 |a [Place of publication not identified] :  |b [publisher not identified],  |c 1913-1914. 
300 |a 1 online resource. 
336 |a text  |b txt  |2 rdacontent 
337 |a computer  |b c  |2 rdamedia 
338 |a online resource  |b cr  |2 rdacarrier 
500 |a Record is based on bibliographic data in LexisNexis U.S. Congressional Research Digital Collection (last viewed Apr. 2010). Reuse except for individual research requires license from LexisNexis. 
500 |a Print. 
500 |a Electronic resource. 
650 0 |a Coal mines and mining. 
650 0 |a Governmental investigations  |z United States. 
650 0 |a Hours of labor. 
655 7 |a Electronic books.  |2 local 
710 2 |a ProQuest (Firm) 
776 0 8 |i Microfiche version:   |a United States. Congress. House. Committee on Mines and Mining.  |t Conditions in the Coal Mines of Colorado. in the Matter of the Hearing to make an Investigation of the Conditions in the Coal Fields of Colorado. Brief for the Striking Miners. by Horace N. Hawkins, Attorney for the United Mine Workers; E. P. Costigan and James H. Brewster, Special Counsel.  |o H3905 
830 0 |a U.S. Congressional Research. 
856 4 0 |u http://proxy.library.tamu.edu/login?url=https://congressional.proquest.com/congcomp/getdoc?CRDC-ID=CMP-1914-MMH-0001  |z Connect to the full text of this electronic book  |t 0 
999 |a MARS 
999 f f |s cebe731a-4165-3c5b-b547-41c2c61e0abe  |i ce0ef8fb-751c-3dce-9f1a-45910eba762f  |t 0 
952 f f |a Texas A&M University  |b College Station  |c Electronic Resources  |s www_evans  |d Available Online  |t 0  |e CMP-1914-MMH-0001  |h Other scheme 
998 f f |a CMP-1914-MMH-0001  |t 0  |l Available Online